000 03219cam a2200325 4500500
005 20260111211735.0
041 _afre
042 _adc
100 1 0 _aForsé, Michel
_eauthor
700 1 0 _aTronca, Luigi
_eauthor
245 0 0 _a‪The difference principle in light of public opinion‪
260 _c2024.
500 _a37
520 _aLe principe du maximin, qui exige que le sort économique des plus défavorisés soit maximisé, est selon John Rawls l’un des principes fondamentaux de justice sociale. Deux enquêtes représentatives par quotas, l’une effectuée en France (PISJ, 2009) et l’autre en Italie (OSCF, 2022), ont cherché à placer les enquêtés derrière un relatif « voile d’ignorance » et montrent que ce principe est largement préféré à une plus forte égalité ou à une maximisation de la richesse. Ces résultats se maintiennent avant et après la pandémie de la Covid-19. Cette préférence pour le principe du maximin est de plus un choix qui transcende bon nombre de clivages sociaux et montre que les personnes interrogées font preuve d’un sens de la justice en préférant vivre dans une société qu’elles jugent juste. Elles sont en revanche nettement plus indécises en ce qui concerne la question de savoir s’il est plus juste que les plus pauvres soient plus nombreux et gagnent davantage ou au contraire qu’ils soient moins nombreux mais gagnent moins. La convergence et la grande stabilité à travers le temps de ces résultats en conforte la robustesse.
520 _a‪According to John Rawls, the ‪ ‪maximin principle‪‪, which aims to maximize the economic well-being of the most disadvantaged, is one of the fundamental principles of social justice. Two surveys conducted in France (PISJ, 2009) and Italy (OSCF, 2022), using scenarios that place respondents behind a relative “veil of ignorance” and representative samples by quotas, demonstrate that this principle is widely preferred over greater equality or an overall increase in wealth. These survey results hold true both before and after the COVID-19 pandemic. This individual preference for the maximin principle transcends various social divisions and indicates a strong sense of justice among the respondents, as they prefer to live in a society they perceive as fair. However, when it comes to deciding whether it is fairer for the poorest to be more numerous and earn more or for them to be less numerous and earn less, respondents show more uncertainty. The consistent convergence of these results over time confirms their robustness.‪
690 _aanalyse comparative
690 _aCovid-19
690 _ajustice sociale
690 _aprincipe de différence
690 _asens de la justice
690 _avoile d’ignorance
690 _acomparative analysis
690 _aCovid-19
690 _aprinciple of difference
690 _asense of justice
690 _asocial justice
690 _aveil of ignorance
786 0 _nRevue européenne des sciences sociales | 62-1 | 1 | 2024-05-23 | p. 73-96 | 0048-8046
856 4 1 _uhttps://shs.cairn.info/revue-europeenne-des-sciences-sociales-2024-1-page-73?lang=en&redirect-ssocas=7080
999 _c1638417
_d1638417